| 000 | 00373nam a2200145Ia 4500 | ||
|---|---|---|---|
| 003 | GCL | ||
| 008 | 140319s9999 xx 000 0 eng d | ||
| 040 |
_aGCL / _cGCL |
||
| 082 | 0 | 4 |
_a192.0941 _bT B |
| 100 | 1 | _aTRUOSIER, SIMON | |
| 245 | 1 | 0 |
_aBRITISH THEATRE / _cTRUOSIER, SIMON |
| 260 |
_a[S.N] : _bCAMBRIBGE UNIVERSITY PRESS |
||
| 650 | 0 | 4 | _aGREAT BRITAIN |
| 942 |
_2ddc _cBK |
||
| 999 |
_c25472 _d25472 |
||